LEADER 01127nam a2200253 u 4500 001 000000021672 003 CaOOAMICUS 005 20070226111035.0 008 950323s1855 it u000 u ita u 035 $a10538177 040 $aPUL(R)$bita$dBAV-R2 100 0 $aNicola da S. Giovanni,$cO.F.M. Cap.$0(OLS)http://pul/name/18558 245 10$aCompendio di pratiche morali utilissime pe' novelli confessori /$cdel p. Niccola da S. Giovanni. 250 $a3. ed. 260 $aFossombrone :$bper la Società tipografica,$c1855. 300 $a532, lxxii p. ;$c19 cm 504 $aBibliografia in nota. 650 4$aConfessione.$0(OLS)http://pul/subject/3061 650 4$aTeologia pastorale$xManuali e compendi.$0(OLS)http://pul/subject/3984 850 $aPUL 852 $aPUL$W1$xDP1 Antico 800$y27$m40 G 24$j30457$nBK-PRI$b $qStampati Antico$B30457$CPULBib$Z2$F30457 $H $81 941 1 $a15 996 $6245$aCompendio di pratiche morali utilissime pe' novelli confessori$9(OLS)http://pul/title/30313 996 $6260$aFossombrone :$bper la Società tipografica$9(OLS)http://pul/publisher/57265 LEADER 01324nam a2200289 u 4500 001 000000112715 003 CaOOAMICUS 005 20080716152941.0 008 080716s2008 it u000 u ita u 020 $z978-88-7018-683-3* 040 $aPUL$bita 041 1 $aita$heng 100 1 $aBoyarin, Daniel.$0(OLS)http://pul/name/69437 240 10$aDying for God. Martyrydom and the making of Christianity and Judaism.$lItaliano.$0(OLS)http://pul/title/141683 245 10$aMorire per Dio :$bil martirio e la formazione di Cristianesimo e Giudaismo /$cDaniel Boyarin ; traduzione di Paola Ursino. 260 $aGenova :$bIl nuovo melangolo,$cc2008. 300 $a285 p. ;$c20 cm 490 1 $aOpuscula ;$v168 504 $aBibliografia : p. 265-285. 650 4$aMartirio.$0(OLS)http://pul/subject/616 830 0$aOpuscula (Il Melangolo) ;$v168.$0(OLS)http://pul/title/66847 850 $aPUL 852 $aPUL$W1$xSL Religione 3$y85$m270. 1 BOYDA 1$j128935$qDDC 21$B127912$CPULBib$Z2$F127912 $H108017 $82 941 1 $a9 996 $6020$z978-88-7018-683-3*$9(OLS)http://pul/number/138474 996 $6245$aMorire per Dio :$bil martirio e la formazione di Cristianesimo e Giudaismo$9(OLS)http://pul/title/141684 996 $6260$aGenova :$bIl nuovo melangolo$9(OLS)http://pul/publisher/69686